La perfeccion seráfica según San Francisco
Na minha lista:
| Autor principal: | |
|---|---|
| Formato: | Livro |
| Idioma: | espanhol |
| Publicado em: |
Barcelona
Franciscana
1926
|
| Edição: | 1a. ed |
| Assuntos: | |
| Tags: |
Adicionar Tag
Sem tags, seja o primeiro a adicionar uma tag!
|
MARC
| LEADER | 00000cam a2200000 a 4500 | ||
|---|---|---|---|
| 001 | UCD0107 | ||
| 003 | CL-VaPUC | ||
| 008 | 151112e19260000sp |||||||||||||||||spa|d | ||
| 082 | 0 | 4 | |a 221.3 |b TOU |2 21 |
| 100 | 0 | |a Tours, Cesáreo de |e author |9 583115 | |
| 245 | 1 | 3 | |a La perfeccion seráfica según San Francisco |
| 250 | |a 1a. ed | ||
| 300 | |a 269 p | ||
| 942 | |c BK | ||
| 945 | |d 20151112 20:22:00 |a gsalatino | ||
| 260 | |a Barcelona |b Franciscana |c 1926 | ||
| 650 | 0 | |a Manuales |9 257144 | |
| 650 | 7 | |a FRANCISCANOS CAPUCHINOS |2 CL-VaPUC |9 535596 | |
| 583 | |a last modification |c 20151112 20:22:00 |k Rodrigo Vera | ||
| 999 | |c 361729 |d 361727 | ||
| 952 | |0 0 |1 0 |3 erd |4 0 |6 221_300000000000000_TOU_1926 |7 0 |8 P |9 472373 |a BIBTEO |b BIBTES |c TEO_FTES |i 5270340 |o 221.3 TOU 1926 |p 5270340 |r 2024-01-18 |w 2019-11-24 |y BK |z Catalogado en:20151112 |k ICR | ||